Coaliciones populares, participación comunitaria y desarrollo regional sostenible: el caso de UPAGRA, 1989-1994 /
El estudio se divide en tres ámbitos de trabajo: el primero, que da vida a los demás, es la formulación de políticas (y estrategias) de desarrollo sostenible a partir de problemas locales y regionales, centradas en el bienestar y la calidad de vida de las mayorías. En segundo lugar se encuentran los...
Đã lưu trong:
| Tác giả chính: | |
|---|---|
| Tác giả khác: | , |
| Định dạng: | Texto |
| Ngôn ngữ: | Spanish |
| Những chủ đề: | |
| Các nhãn: |
Thêm thẻ
Không có thẻ, Là người đầu tiên thẻ bản ghi này!
|
MARC
| LEADER | 00000 a a2200000 04500 | ||
|---|---|---|---|
| 001 | 42633 | ||
| 003 | cru CIDCACS/IIS | ||
| 005 | 20240123121108.0 | ||
| 008 | 231024b |||||||| |||| 00| 0 spa d | ||
| 040 | |c cru CIDCACS/IIS | ||
| 100 | 1 | |a Fernández González, Alvaro | |
| 245 | 1 | |a Coaliciones populares, participación comunitaria y desarrollo regional sostenible: |b el caso de UPAGRA, 1989-1994 / |c Alvaro Fernández González, Carlos Quirós Ramírez, Ricardo Quirós Zúñiga | |
| 300 | |a 134 páginas: |b tablas | ||
| 500 | |a Colección Centroamérica | ||
| 520 | |a El estudio se divide en tres ámbitos de trabajo: el primero, que da vida a los demás, es la formulación de políticas (y estrategias) de desarrollo sostenible a partir de problemas locales y regionales, centradas en el bienestar y la calidad de vida de las mayorías. En segundo lugar se encuentran los métodos de planificación de proyectos locales que les permite responder realmente a políticas y estrategias participativas, multisectoriales, de desarrollo sostenible. finalmente está el impulso de coaliciones de desarrollo, la construcción de instituciones locales y los métodos y técnicas de participación comunitaria que logren involucrar los distintos actores sociales implicados (productores, consumidores, organismos no gubernamentales y gubernamentales) en políticas y estrategias de carácter microregional. El estudio opta por concentrar esfuerzos en el tercero. En este respecto, busca aproximarse a la dimensión propiamente política en la viabilidad de estrategias alternativas de desarrollo impulsadas actualmente por organizaciones sociales de base. Específicamente, el objeto de estudio son los problemas y mecanismos existentes para la participación local y la formación de coaliciones en el programa de UPAGRA "Estrategias campesinas para el desarrollo sostenible de LLanuras del Tortuguero", sopensando su aporte en la construcción de un proceso de desarrollo regional sostenible en la zona implicada. HB/ALJ | ||
| 650 | |a DESARROLLO SOSTENIBLE | ||
| 650 | |a ORGANIZACIONES POPULARES | ||
| 650 | |a DESARROLLO REGIONAL | ||
| 650 | |a ESTRATEGIA DEL DESARROLLO | ||
| 650 | |a CALIDAD DE LA VIDA | ||
| 650 | |2 Macrothesaurus de la OCDE | ||
| 650 | |a ORGANISMOS NO GUBERNAMENTALES | ||
| 650 | |a PUB.IIS | ||
| 700 | |a Quirós Ramírez, Carlos | ||
| 700 | |a Quirós Zúñiga, Ricardo | ||
| 773 | 0 | |0 44044 |9 10570 |a Instituto de Investigaciones Sociales (UCR) |d San José, Costa Rica, Instituto de Investigaciones Sociales. Facultad de Ciencias Sociales. Universidad de Costa Rica: 1975- |o 07357 |t Serie Informes Finales de Investigación / | |
| 942 | |2 z |c PP | ||
| 999 | |c 30614 |d 30614 | ||
